00730cam a2200193 a 450000500170000000800410001705000210005810000210007924500880010025000110018826000440019930000250024349000340026850400300030265100400033294200130037299900170038595201340040220170614112047.0040810s1972 cn 000 0 eng u04aF1032 bB87 19721 aBurroughs, Peter14aThe Canadian crisis and British colonial policy :b1828-1841 /cby Peter Burroughs. a1a ed. aToronto :bMacmillan of Canada, c1972. avi, 118 p. ;c20 cm. 0aFoundations of modern history aBibliografía e índice 72LEMBaCanada xHistoria y1791-1841 2lcccLIB c78507d78507 102lcc4070aINV-033bINV-033cGENERALd2017-03-27f1a ed.iHkCSAoF1032 B87 1972 pIIH000017510r2017-03-27 00:00:00tC:1yLIB